[Event "Avoine op 20th"]
[Site "Avoine"]
[Date "2005.07.30"]
[Round "8"]
[White "Josse, Thomas"]
[Black "Robveille, Laurent"]
[Result "1-0"]
[WhiteElo "1570"]
[BlackElo "1970"]
[PlyCount "99"]
[EventDate "2005.07.23"]
[EventType "swiss"]
[EventRounds "9"]
[EventCountry "FRA"]
[SourceTitle "EXT 2007"]
[Source "ChessBase"]
[SourceDate "2006.11.23"]
[SourceVersion "1"]
[SourceVersionDate "2006.11.23"]
[SourceQuality "1"]

1. e4 d5 2. exd5 Qxd5 3. Nc3 Qa5 4. d4 Nf6 5. Bd2 Bg4 6. Be2 Bxe2 7. Qxe2 Nc6 8. Nf3 0-0-0 9. Nb5 Qb6 10. Bc3 a6 11. Na3 e6 12. Nc4 Qb5 13. a3 Bd6 14. Nxd6+ Rxd6 15. Qxb5 axb5 16. 0-0 Rd5 17. Rfe1 Rhd8 18. h3 h6 19. b3 Nh7 20. Re4 Ng5 21. Nxg5 hxg5 22. Rg4 g6 23. Re1 Nxd4 24. Bxd4 Rxd4 25. Rxg5 c6 26. Rge5 Rd2 27. c4 bxc4 28. bxc4 Rc2 29. R5e4 Rc3 30. Rf4 Rd7 31. Ra1 f5 32. Re1 Re7 33. Re3 Rxe3 34. fxe3 e5 35. Rf2 Rd7 36. e4 Rd1+ 37. Rf1 Rxf1+ 38. Kxf1 f4 39. Ke2 c5 40. a4 b6 41. Kf3 Kd7 42. Kg4 Ke7 43. Kg5 Kf7 44. h4 Kg7 45. h5 gxh5 46. Kxh5 Kf6 47. Kh6 Kf7 48. Kg5 Ke7 49. Kf5 Kd6 50. Kf6 1-0

[Event "Avoine op 20th"]
[Site "Avoine"]
[Date "2005.07.26"]
[Round "4"]
[White "Josse, Thomas"]
[Black "Maillard, Julien"]
[Result "1-0"]
[WhiteElo "1570"]
[BlackElo "1990"]
[PlyCount "39"]
[EventDate "2005.07.23"]
[EventType "swiss"]
[EventRounds "9"]
[EventCountry "FRA"]
[SourceTitle "EXT 2007"]
[Source "ChessBase"]
[SourceDate "2006.11.23"]
[SourceVersion "1"]
[SourceVersionDate "2006.11.23"]
[SourceQuality "1"]

1. e4 e5 2. Nf3 Nc6 3. Bc4 Nf6 4. Ng5 d5 5. exd5 Nxd5 6. Nxf7 Kxf7 7. Qf3+ Ke6 8. Nc3 Nce7 9. 0-0 c6 10. d4 b5 11. Bb3 Kd7 12. dxe5 Kc7 13. Rd1 Be6 14. Bg5 Qe8 15. a4 Nxc3 16. Qxc3 Bxb3 17. Qxb3 Ng6 18. e6 Bd6 19. axb5 cxb5 20. Ra6 1-0